History Quiz

Random History or Clickable Quiz
Score 0/30 Timer 06:00
0 Plays Today
% Correct
Leonardo
95.4%
Alexander
94.1%
Ludwig
93.2%
John
92.6%
Johann
90.2%
Lee
90.1%
John
87.3%
John
86.7%
Otto
82%
Arthur
80.1%
Harriet
78.4%
Louisa
77.5%
Thomas
75.9%
Yves
75.3%
Frank
73.9%
% Correct
Sandra
73.5%
George
72.2%
Francis
68.6%
Ruth
65%
James
60%
Oliver
57.3%
Edgar
48%
John
44.5%
Mark
44.3%
Joyce
38.1%
Doris
28.9%
David
27.1%
William
18.4%
Andrew
12.3%
James
10%

You're not logged in!

Compare scores with friends on all Sporcle quizzes.
OR
Log In

Sporcle TV

Today on Sporcle TV


Watch our educational content, quiz creation guides, and fun videos on Sporcle TV.

Show Comments

Extras

Top Quizzes Today


Score Distribution

Paid Content

Your Account Isn't Verified!

In order to create a playlist on Sporcle, you need to verify the email address you used during registration. Go to your Sporcle Settings to finish the process.

Report this User

Report this user for behavior that violates our Community Guidelines.

Details: